[Event "Rio de Janeiro op"]
[Site "Rio de Janeiro"]
[Date "2022.04.21"]
[Round "2"]
[White "Dos Santos, Jackson de Souza Te"]
[Black "Sant Anna, Emerson Dos Santos"]
[Result "0-1"]
[WhiteElo "1775"]
[BlackElo "1717"]
[PlyCount "52"]
[EventDate "2022.04.21"]
[EventType "swiss"]
[EventRounds "6"]
[EventCountry "BRA"]
[SourceTitle "CBM 207 Extra"]
[Source "ChessBase"]
[SourceDate "2022.05.31"]
[SourceVersion "1"]
[SourceVersionDate "2022.05.31"]
[SourceQuality "1"]

1. e4 c5 2. Nf3 Nc6 3. d4 cxd4 4. Nxd4 Nf6 5. Nc3 e5 6. Ndb5 d6 7. Be2 a6 8. Na3 b5 9. Nd5 Be7 10. Nxe7 Nxe7 11. Bg5 Bb7 12. Bxf6 gxf6 13. f3 Qb6 14. Qd2 Ng6 15. 0-0-0 Rd8 16. g3 Bc8 17. Bf1 Be6 18. Kb1 d5 19. exd5 Rxd5 20. Qe2 0-0 21. Rxd5 Bxd5 22. Bg2 Qe6 23. b3 Rc8 24. Kb2 f5 25. h4 Qf6 26. Qd3 e4+ 0-1